Vista normal Vista MARC

Entrada Materia (geográfica)

Número de registros utilizados en: 3

001 - CONTROL NUMBER

  • control field: 82919

003 - CONTROL NUMBER IDENTIFIER

  • control field: Co-BoUCM

005 - DATE AND TIME OF LATEST TRANSACTION

  • control field: 20161212111515.0

008 - FIXED-LENGTH DATA ELEMENTS

  • fixed length control field: 161212|| aca||aabn | a|a d

040 ## - CATALOGING SOURCE

  • Original cataloging agency: Co-BoUCM
  • Transcribing agency: Co-BoUCM

151 ## - HEADING--GEOGRAPHIC NAME

  • Geographic name: Roma (Italia)
  • General subdivision: Historia
  • Chronological subdivision: Imperio, 30 a. C.-476 d. C.
  • Chronological subdivision: 476 d. C.

670 ## - SOURCE DATA FOUND

  • Source citation: Work cat.: (Co-BoUCM)25694: Cahill, Thomas 82917, De cómo los Irlandeses salvaron la civilización , 1998